000 01530pam a22003491i 4500
999 _c5813
_d5813
001 019455921
003 Uk
005 20251118080939.0
006 m || d |
007 cr |||||||||||
008 190502s2019 enk o 000|0|eng|d
015 _aGBB9B8824
_2bnb
020 _z9780008341985 (pbk.)
037 _auk.co.harpercollins.192120
_bIngram Content Group
040 _aStDuBDS
_beng
_cStDuBDS
_dUk
_dKH8
_erda
_epn
042 _aukblsr
082 0 4 _a362.733 GLA
_223
100 1 _aGlass, Cathy,
_eauthor.
245 1 0 _aInnocent /
_cCathy Glass.
264 1 _aLondon :
_bHarperElement,
_c2019.
300 _a305 pages :
_c20 cm.
336 _atext
_2rdacontent
337 _acomputer
_2rdamedia
338 _aonline resource
_2rdacarrier
520 _aIt was heartbreaking: a brother and sister, torn from their parents and brought into foster care. Kit, eighteen months old, had a broken arm and his sister Molly, three, was withdrawn and scared. The parents said they weren't to blame and appered to dote on their children. Could the social services have got it wrong? If so, who caused Kit's injuries and why were the children ill so often? The truth, when it finally came out, was unbelievable and far more shocking than I could ever have imagined.
588 _aDescription based on CIP data; resource not viewed.
600 1 0 _aGlass, Cathy.
650 0 _aAbused children
_zGreat Britain.
650 0 _aFoster home care
_zGreat Britain.
690 7 _aSocial Welfare
_2blcoll
942 _2ddc
_cNFIC